Mikroekonomická analýza
Salvato in:
| Autori principali: | , |
|---|---|
| Natura: | Libro |
| Lingua: | slovacco |
| Pubblicazione: |
Bratislava :
Iura Edition,
2008
|
| Edizione: | 1. vyd |
| Serie: | Ekonómia
251. publ. |
| Soggetti: | |
| Accesso online: | OBSAH |
| Tags: |
Nessun Tag, puoi essere il primo ad aggiungerne!!
|
MARC
| LEADER | 00000nam a22000003a 4500 | ||
|---|---|---|---|
| 001 | stu164915 | ||
| 005 | 20150617230002.5 | ||
| 008 | 080606s2008----xo------------------slo-d | ||
| 020 | |a 978-80-8078-180-4 | ||
| 040 | |a STU |b slo | ||
| 041 | 0 | |a slo | |
| 044 | |a xo | ||
| 080 | |a 330.101.542 | ||
| 100 | 1 | |a Fendek, Michal |4 aut | |
| 245 | 1 | |a Mikroekonomická analýza | |
| 250 | |a 1. vyd | ||
| 260 | |a Bratislava : |b Iura Edition, |c 2008 | ||
| 300 | |a 575 s | ||
| 650 | 7 | |a mikroekonómia |2 stusub | |
| 700 | 1 | |a Fendeková, Eleonóra |4 aut | |
| 830 | 0 | |a Ekonómia |v 251. publ. | |
| 856 | 4 | |a https://sweb.mtf.stuba.sk/obsahy/mikroekonomicka_analyza_08 |u https://sweb.mtf.stuba.sk/obsahy/mikroekonomicka_analyza_08 |3 OBSAH | |
| 996 | |b 284M067809 |c M*12320-1 |l MMST |s A |a 24 |w stu164915_0001 | ||
| 996 | |b 284M067810 |c M*12320-2 |l MMKN |s A |a 24 |w stu164915_0002 | ||
| 996 | |b 284M067811 |c M*12320-3 |l MMKN |s A |a 24 |w stu164915_0003 | ||